Welcome to CU Library Online Public Access Catalogue (OPAC)

Strategic management: (Record no. 5412)

MARC details
000 -LEADER
fixed length control field 00484nam a22001817a 4500
005 - DATE AND TIME OF LATEST TRANSACTION
control field 20250411122011.0
008 - FIXED-LENGTH DATA ELEMENTS--GENERAL INFORMATION
fixed length control field 250411b |||||||| |||| 00| 0 eng d
020 ## - INTERNATIONAL STANDARD BOOK NUMBER
International Standard Book Number 9780071312707
050 ## - LIBRARY OF CONGRESS CALL NUMBER
Classification number HD 30.28.D4743
Item number 1
100 ## - MAIN ENTRY--PERSONAL NAME
Personal name DESS G. Gregory
245 ## - TITLE STATEMENT
Title Strategic management:
Remainder of title Creating competitive advantages
260 ## - PUBLICATION, DISTRIBUTION, ETC.
Place of publication, distribution, etc. Boston
Name of publisher, distributor, etc. McGraw-Hill
Date of publication, distribution, etc. 2010
300 ## - PHYSICAL DESCRIPTION
Extent xxiv,483p
500 ## - GENERAL NOTE
General note index,photo
700 ## - ADDED ENTRY--PERSONAL NAME
Personal name LUMPKIN,G.T
710 ## - ADDED ENTRY--CORPORATE NAME
Corporate name or jurisdiction name as entry element EISNER .B Alan
942 ## - ADDED ENTRY ELEMENTS (KOHA)
Source of classification or shelving scheme Library of Congress Classification
Koha item type Books
Suppress in OPAC No
999 ## -
-- 5412
-- 5412
Holdings
Withdrawn status Lost status Source of classification or shelving scheme Damaged status Not for loan Collection Home library Current library Shelving location Date acquired Total checkouts Full call number Barcode Date last seen Copy number Price effective from Koha item type
    Library of Congress Classification     Non-fiction Business Library (Miotso) Business Library (Miotso) General stacks 04/25/2025   HD 30.28.D4743 DES BSSM00001944 04/25/2025 3 04/25/2025 Books
    Library of Congress Classification     Non-fiction Business Library (Miotso) Business Library (Miotso) General stacks 04/25/2025   HD 30.28.D4743 DES BSSM00001945 04/25/2025 4 04/25/2025 Books
    Library of Congress Classification     Non-fiction Business Library (Miotso) Business Library (Miotso) General stacks 04/25/2025   HD 30.28.D4743 DES BSSM00001946 04/25/2025 5 04/25/2025 Books
    Library of Congress Classification     Non-fiction Business Library (Miotso) Business Library (Miotso) General stacks 04/25/2025   HD 30.28.D4743 DES BSSM00001947 04/25/2025 6 04/25/2025 Books
    Library of Congress Classification     Non-fiction Business Library (Miotso) Business Library (Miotso) General stacks 04/25/2025   HD 30.28.D4743 DES BSSM00001948 04/25/2025 7 04/25/2025 Books
    Library of Congress Classification     Non-fiction Business Library (Miotso) Business Library (Miotso) General stacks 04/25/2025   HD 30.28.D4743 DES BSSM00001949 04/25/2025 8 04/25/2025 Books
    Library of Congress Classification     Non-fiction Business Library (Miotso) Business Library (Miotso) General stacks 04/25/2025   HD 30.28.D4743 DES BSSM00001978 04/25/2025 9 04/25/2025 Books
    Library of Congress Classification     Non-fiction Graduate Library (Christ Temple) Graduate Library (Christ Temple) General stacks 04/11/2025   HD 30.28.D4743 DES GSCT00001021 04/11/2025 1 04/11/2025 Books
    Library of Congress Classification     Non-fiction Graduate Library (Christ Temple) Graduate Library (Christ Temple) General stacks 04/11/2025   HD 30.28.D4743 DES GSCT00001022 04/11/2025 2 04/11/2025 Books
    Library of Congress Classification     Non-fiction Graduate Library (Christ Temple) Graduate Library (Christ Temple) General stacks 05/06/2025   HD 30.28.D4743 DES GSCT00001134 05/06/2025 3 05/06/2025 Books
© 2023-2024 Copyright: Central University Libraries. All Rights Reserved | Created by: Mahone Tech Office